ARRUPE JESUIT UNIVERSITY

CORONAVIRUS -STOP THE SPREAD - CLEAN,DISINFECT,COVER

Humble inquiry : (Record no. 129127)

MARC details
000 -LEADER
fixed length control field 03724cam a2200397 i 4500
001 - CONTROL NUMBER
control field 17730807
003 - CONTROL NUMBER IDENTIFIER
control field ARRUPE
005 - DATE AND TIME OF LATEST TRANSACTION
control field 20190306090202.0
008 - FIXED-LENGTH DATA ELEMENTS--GENERAL INFORMATION
fixed length control field 130509s2013 caua b 001 0 eng
010 ## - LIBRARY OF CONGRESS CONTROL NUMBER
LC control number 2013016855
020 ## - INTERNATIONAL STANDARD BOOK NUMBER
International Standard Book Number 9781609949815 (pbk.)
040 ## - CATALOGING SOURCE
Original cataloging agency DLC
Language of cataloging eng
Transcribing agency DLC
Description conventions rda
Modifying agency DLC
042 ## - AUTHENTICATION CODE
Authentication code pcc
050 00 - LIBRARY OF CONGRESS CALL NUMBER
Classification number BF637.C45
Item number S352 2013
082 00 - DEWEY DECIMAL CLASSIFICATION NUMBER
Classification number 302.2
Edition number 23
084 ## - OTHER CLASSIFICATION NUMBER
Classification number BUS085000
-- BUS007000
-- PSY017000
Source of number bisacsh
300 ## - PHYSICAL DESCRIPTION
Other physical details illustrations ;
Dimensions 22 cm.
100 1# - MAIN ENTRY--PERSONAL NAME
Personal name Schein, Edgar H.
9 (RLIN) 44991
245 10 - TITLE STATEMENT
Title Humble inquiry :
Remainder of title the gentle art of asking instead of telling /
Statement of responsibility, etc Edgar H Schein.
260 ## - PUBLICATION, DISTRIBUTION, ETC. (IMPRINT)
Place of publication, distribution, etc Oakland
Name of publisher, distributor, etc Berrett-Koehler Publishers
Date of publication, distribution, etc 2013
300 ## - PHYSICAL DESCRIPTION
Extent 123 p. :
504 ## - BIBLIOGRAPHY, ETC. NOTE
Bibliography, etc Includes bibliographical references and index.
505 8# - FORMATTED CONTENTS NOTE
Formatted contents note Machine generated contents note: Chapter 1 Humble Inquiry -- Chapter 2 Humble Inquiry in Practice--Case Examples -- Chapter 3 Differentiation Humble Inquiry from other Kinds of Inquiry -- Chapter 4 The Culture of DO and TELL -- Chapter 5 Status, Rank and Role Boundaries as Inhibitors -- Chapter 6 Forces Inside Us as Inhibitors -- Chapter 7 The Future of Humble Inquiry.
520 ## - SUMMARY, ETC.
Summary, etc "We live, says Ed Schein, in a culture of Tell. Rather than trying to genuinely relate to other people we tell them what we think they need to know or should do based on assumptions we've made about them. But telling makes people feel inferior--it shuts them down. This is particularly true of interactions between superiors and subordinates, and that's where it's particularly problematic. In today's complex, interconnected, rapidly changing world hierarchy means nothing--anybody anywhere could have that vital fact or insight that could mean the difference between success or disaster. A free flow of information is crucial. Humble Inquiry builds the kinds of positive, trusting, balanced relationships that encourage honest and open interactions in both our professional and personal lives. Schein defines Humble Inquiry as "the fine art of drawing someone out, of asking questions to which you do not know the answer, of building a relationship based on curiosity and interest in the other person." In this seminal work he explores the concept of humility, looks at how Humble Inquiry differs from other kinds of inquiry, offers examples of Humble Inquiry in action in many different settings, and shows how to overcome the cultural, organizational and psychological barriers that keep us from practicing it. This is a major new contribution to how we see human dynamics and relationships, presented in a compact, personal, eminently practical way"--
520 ## - SUMMARY, ETC.
Summary, etc "From one of the true giants in organizational development, career development and organizational psychology comes a simple and effective technique for building more positive relationships--particularly between people of different status--that will lead to more honest and open interactions and stronger organizations"--
650 #0 - SUBJECT ADDED ENTRY--TOPICAL TERM
Topical term or geographic name as entry element Interpersonal communication.
9 (RLIN) 9838
650 #0 - SUBJECT ADDED ENTRY--TOPICAL TERM
Topical term or geographic name as entry element Interpersonal relations.
9 (RLIN) 44992
650 #0 - SUBJECT ADDED ENTRY--TOPICAL TERM
Topical term or geographic name as entry element Organizational behavior.
9 (RLIN) 23443
650 #0 - SUBJECT ADDED ENTRY--TOPICAL TERM
Topical term or geographic name as entry element Humility.
9 (RLIN) 20191
650 #7 - SUBJECT ADDED ENTRY--TOPICAL TERM
Topical term or geographic name as entry element BUSINESS & ECONOMICS / Organizational Behavior.
Source of heading or term bisacsh
9 (RLIN) 44993
650 #7 - SUBJECT ADDED ENTRY--TOPICAL TERM
Topical term or geographic name as entry element BUSINESS & ECONOMICS / Business Communication / General.
Source of heading or term bisacsh
9 (RLIN) 44994
650 #7 - SUBJECT ADDED ENTRY--TOPICAL TERM
Topical term or geographic name as entry element PSYCHOLOGY / Interpersonal Relations.
Source of heading or term bisacsh
9 (RLIN) 44995
906 ## - LOCAL DATA ELEMENT F, LDF (RLIN)
a 7
b cbc
c orignew
d 1
e ecip
f 20
g y-gencatlg
942 ## - ADDED ENTRY ELEMENTS (KOHA)
Source of classification or shelving scheme Library of Congress Classification
Koha item type Monograph ( Printed materials)
Holdings
Withdrawn status Lost status Source of classification or shelving scheme Damaged status Not for loan Collection code Home library Current library Shelving location Date acquired Total Checkouts Full call number Barcode Date last seen Price effective from Koha item type
    Library of Congress Classification     Main Collection ARRUPE LIBRARY ARRUPE LIBRARY Main Collection 06/03/2019   BF637.C45 S352 2013 46600004074 06/03/2019 06/03/2019 Monograph ( Printed materials)

 

Arrupe Library. PO Box MP320 Mt Pleasant, Harare, Zimbabwe
263 242 745411|librarian@aju.ac.zw